Southville International School and Colleges
Your cart is empty.
  • Cart
  • Lists
    Public lists Eva Luna New books Lux_list list_1
    Your lists Log in to create your own lists
  • Log in to your account
  • Your cookies
  • Search history
Southville International School and Colleges
  • Advanced search
  • Recent comments
  • Most popular
  • Libraries

Log in to your account

Log in with GOOGLE


If you do not have an external account, but do have a local account, you can still log in:

  1. Home
  2. MARC view: Out of the lions' den :
Normal view MARC view ISBD view

Out of the lions' den : (Record no. 283745)

[ view plain ]
MARC details
000 -LEADER
fixed length control field 01084cam a22002894a 4500
001 - CONTROL NUMBER
control field 14275861
003 - CONTROL NUMBER IDENTIFIER
control field PILC
005 - DATE AND TIME OF LATEST TRANSACTION
control field 20150309081709.0
008 - FIXED-LENGTH DATA ELEMENTS--GENERAL INFORMATION
fixed length control field 060224s2005 ph af 001 0aeng
010 ## - LIBRARY OF CONGRESS CONTROL NUMBER
LC control number 2005435026
020 ## - INTERNATIONAL STANDARD BOOK NUMBER
International Standard Book Number 9711011417
040 ## - CATALOGING SOURCE
Original cataloging agency DLC
Transcribing agency DLC
043 ## - GEOGRAPHIC AREA CODE
Geographic area code a-ph---
050 00 - LIBRARY OF CONGRESS CALL NUMBER
Classification number DS 686.616
Item number .Y39 2005
100 1# - MAIN ENTRY--PERSONAL NAME
Personal name Yasay, Perfecto R.
245 10 - TITLE STATEMENT
Title Out of the lions' den :
Remainder of title the travails and triumphs of a public servant /
Statement of responsibility, etc Perfecto R. Yasay.
260 ## - PUBLICATION, DISTRIBUTION, ETC. (IMPRINT)
Place of publication, distribution, etc Quezon City, Philippines :
Name of publisher, distributor, etc New Day Publishers,
Date of publication, distribution, etc c2005.
300 ## - PHYSICAL DESCRIPTION
Extent xxxi, 189 p., [8] pages of plates :
Other physical details illustrations ;
Dimensions 23 cm.
500 ## - GENERAL NOTE
General note Includes index.
600 10 - SUBJECT ADDED ENTRY--PERSONAL NAME
Personal name Yasay, Perfecto R.
610 10 - SUBJECT ADDED ENTRY--CORPORATE NAME
Corporate name or jurisdiction name as entry element Philippines.
Subordinate unit Securities and Exchange Commission
General subdivision Officials and employees.
650 #0 - SUBJECT ADDED ENTRY--TOPICAL TERM
Topical term or geographic name as entry element Civil service
Geographic subdivision Philippines.
651 #0 - SUBJECT ADDED ENTRY--GEOGRAPHIC NAME
Geographic name Philippines
General subdivision Officials and employees
Form subdivision Biography.
906 ## - LOCAL DATA ELEMENT F, LDF (RLIN)
a 7
b cbc
c orignew
d 3
e ncip
f 20
g y-gencatlg
942 ## - ADDED ENTRY ELEMENTS (KOHA)
Source of classification or shelving scheme Library of Congress Classification
Koha item type Books
Holdings
Withdrawn status Lost status Source of classification or shelving scheme Damaged status Home library Current library Shelving location Date acquired Source of acquisition Sub Shelving location Total Checkouts Full call number Barcode Date last seen Price effective from Koha item type
    Library of Congress Classification   College Library College Library Filipiniana Section 03/09/2015 Library Fund     DS 686.616 .Y39 2005 C19207 05/08/2018 03/09/2015 Books

Out of the lions' den :

APA

Yasay P. R., . (2005). Out of the lions' den. Quezon City, Philippines: New Day Publishers.

Chicago

Yasay Perfecto R, . 2005. Out of the lions' den. Quezon City, Philippines: New Day Publishers.

Harvard

Yasay P. R., . (2005). Out of the lions' den. Quezon City, Philippines: New Day Publishers.

MLA

Yasay Perfecto R, . Out of the lions' den. Quezon City, Philippines: New Day Publishers. 2005.

  • Place hold
  • Print
  • Cite
  • Add to your cart (remove)
  • Save record
    BIBTEX Dublin Core MARCXML MARC (non-Unicode/MARC-8) MARC (Unicode/UTF-8) MARC (Unicode/UTF-8, Standard) MODS (XML) RIS
  • More searches
    Search for this title in:
    Other Libraries (WorldCat) Other Databases (Google Scholar) Online Stores (Bookfinder.com) Open Library (openlibrary.org)

Exporting to Dublin Core...

SOUTHVILLE LIBRARY

Southville International School and Colleges Library

1281 Tropical Ave. Cor. Luxembourg St., BF Homes International, Las Pinas City

Tel. No. 8256374 / 252358 Loc. 117/146

Powered by Koha